000 003000000a22000970004500
100 1 _aGosse, Bernard (1949- )
245 1 0 _aL'ouverture de la nouvelle alliance aux nations en Jérémie 3:14-18
300 _aVol. 39, Num. 4 (Octubre, 1989), Páginas 385-392
773 0 _tVetus Testamentum
942 _cANA
999 _c57591
_d57591